• 首页
  • 本馆介绍
  • 公告通知
  • 最新文献
  • 馆藏检索
  • 电子资源
  • 读者导购
  • 参考咨询
  • 我的图书馆
  • 登录
  • 详细信息显示
  • 放入我的书架
  • 预约/预借图书
  • 作者相关作品
  • 分类相关作品
  • 丛书相关作品
  • 出版社相关作品

书目信息

  • 表格格式
  • 工作单格式
  • 卡片格式
题名:
杜甫诗选
    
 
作者: 杜甫 著 ;山东大学中文系选 注
分册:  
出版信息: 北京   人民文学出版社  1980.8
页数: 374页
开本: 20cm
丛书名: 中国古典文学读本丛书
单 册:
中图分类: I222.427
科图分类:
主题词: 诗歌--中国
电子资源:
ISBN:
000 00611nam2 2200229 45
001 0312221749
005 20060913105359.96
010    @dCNY1.00
091    @a10019.2984
100    @a20031222d1980 km y0chiy0120 ea
101    @achi
105    @ac z 000gy
200 1  @a杜甫诗选@ADu Fu Shi Xuan@f杜甫著@FDu Fu Zhu@g山东大学中文系选注
210    @a北京@c人民文学出版社@d1980.8
215    @a374页@c画像@d20cm
225 2  @a中国古典文学读本丛书
606 0  @a诗歌@x中国
690    @aI222.427@v3
701 0  @a杜甫@4著
712 02 @a山东大学中文系选@4注
801    @aCN@bTSTCL@c20060913
905    @dI222.427@e61
    
    杜甫诗选/杜甫著/山东大学中文系选注.-北京:人民文学出版社,1980.8
    374页:画像;20cm.-(中国古典文学读本丛书)
    
    
    ISBN :CNY1.00
    
●
相关链接 在E读中查询图书 在五车中查询图书 在当当中查询图书 在豆瓣中查询图书


正题名:杜甫诗选     索取号:I222.427/61         预约/预借

序号 登录号 条形码 馆藏地/架位号 状态 备注
1 0032328   001612062   密集书库/ [索取号:I222.427/61] 在馆    
2 0032329   001612053   密集书库/ [索取号:I222.427/61] 在馆    
3 0032330   000966663   密集书库/ [索取号:I222.427/61] 在馆    
4 0032331   001612151   密集书库/ [索取号:I222.427/61] 在馆    
5 0032332   001612142   密集书库/ [索取号:I222.427/61] 在馆    
6 0067025   000966654   第二借阅区/ [索取号:I222.427/61] 在馆    
7 0067027   202082904   第一样本阅览室/ [索取号:I222.427/61] 在馆    
8 0067028   001612179   密集书库/ [索取号:I222.427/61] 在馆    
9 0067029   001612197   密集书库/ [索取号:I222.427/61] 在馆    
10 0115648   001612188   密集书库/ [索取号:I222.427/61] 在馆    
11 0115649   000966681   密集书库/ [索取号:I222.427/61] 在馆    
12 0115650   000966672   密集书库/ [索取号:I222.427/61] 在馆    
13 0115651   000966690   密集书库/ [索取号:I222.427/61] 在馆    
14 0115652   001612071   密集书库/ [索取号:I222.427/61] 在馆    
15 0472271   204722719   密集书库/ [索取号:I222.427/61] 在馆    
唐山师范学院图书馆 欢迎您!
大连网信软件有限公司© 版权所有